| 000 | 00850nam a2200241 a 4500 | ||
|---|---|---|---|
| 001 | 000024327 | ||
| 005 | 20200930022920.0 | ||
| 008 | 110126s2010 dr ac 001 0bspa d | ||
| 020 | _a9789945404319 | ||
| 040 |
_aDO-SdBNP _bspa _cBNPHU |
||
| 082 |
_a781.63092 _bV468p |
||
| 100 | 1 |
_aVentura, Johnny, _d1940- _949903 |
|
| 245 | 1 | 3 |
_aUn poco de mí / _cJohnny Ventura ; prólogo Huchi Lora. |
| 260 |
_aSanto Domingo : _bMinisterio de Cultura, _c2010. |
||
| 300 |
_a228 p. : _bil., retrs. ; _c24 cm. |
||
| 590 | _aInventariado, 2018/LP | ||
| 650 | 4 |
_aMúsicos dominicanos _916091 |
|
| 650 | 4 |
_aMúsica bailable dominicana _91103 |
|
| 650 | 4 |
_aMerengue (música) _xHistoria _zRepública Dominicana _916088 |
|
| 650 | 4 |
_aMúsica popular _zRepública Dominicana _91323 |
|
| 700 | 1 |
_aLora, Huchi, _epról. _919605 |
|
| 910 | _aValidado. Control de calidad EMS | ||
| 999 |
_c23820 _d23820 |
||